Libro rojo de aves de Colombia (Registro nro. 2903)

Detalles MARC
000 -CABECERA
Campo de control 00919nam a2200313 a 4500
005 - FECHA Y HORA DE LA ULTIMA TRANSACCION
Campo de control 20200104041536.0
008 - ELEMENTOS DE LONGITUD FIJA—INFORMACION GENERAL
Campo de control 140121b2002 ck ||||| |||| 00| 0 spa d
020 ## - ISBN
ISBN 9588151082
041 ## - IDIOMA
Código de idioma para texto/pista de sonido o título separado Español
044 ## - PAÍS DE PUBLICACIÓN
País de publicación Colombia
090 ## - CLASIFICACIÓN LOCAL
Colección IAvH
Consecutivo 00223
100 ## - ASIENTO PRINCIPAL--NOMBRE PERSONAL
Nombre personal Renjifo M., Luis Miguel
245 ## - MENCION DE TITULO
Título Libro rojo de aves de Colombia
260 ## - PUBLICACION, DISTRIBUCION, ETC. (PIE DE IMPRENTA)
Lugar de publicación, distribución, etc. Bogotá
Nombre del editor, distribuidor, etc. Instituto Alexander von Humboldt
-- Minambiente
Fecha de publicación, distribución, etc. 2002
300 ## - DESCRIPCION FISICA
Extensión 562 p.
650 ## - ASIENTO SECUNDARIO DE MATERIA - TERMINO TEMATICO
Término temático o nombre geográfico como elemento de entrada Fauna amenazada
650 ## - ASIENTO SECUNDARIO DE MATERIA - TERMINO TEMATICO
Término temático o nombre geográfico como elemento de entrada Aves
650 ## - ASIENTO SECUNDARIO DE MATERIA - TERMINO TEMATICO
Término temático o nombre geográfico como elemento de entrada Conservación de biodiversidad
650 ## - ASIENTO SECUNDARIO DE MATERIA - TERMINO TEMATICO
Término temático o nombre geográfico como elemento de entrada Especies amenazadas
650 ## - ASIENTO SECUNDARIO DE MATERIA - TERMINO TEMATICO
Término temático o nombre geográfico como elemento de entrada Listas rojas UICN
650 ## - ASIENTO SECUNDARIO DE MATERIA - TERMINO TEMATICO
Término temático o nombre geográfico como elemento de entrada Extinción
650 ## - ASIENTO SECUNDARIO DE MATERIA - TERMINO TEMATICO
Término temático o nombre geográfico como elemento de entrada Avifauna
662 ## - ASIENTO SECUNDARIO DE MATERIA - JERARQUIA DEL NOMBRE DE LUGAR(
País o entidad mayor Colombia
700 ## - ASIENTO SECUNDARIO - NOMBRE PERSONAL
Nombre personal Franco Amaya, Ana María
700 ## - ASIENTO SECUNDARIO - NOMBRE PERSONAL
Nombre personal Amaya Espinel, Juan David
700 ## - ASIENTO SECUNDARIO - NOMBRE PERSONAL
Nombre personal Kattan, Gustavo H.
700 ## - ASIENTO SECUNDARIO - NOMBRE PERSONAL
Nombre personal López Lanús, Bernabé
942 ## - ELEMENTOS ADICIONALES (KOHA)
Tipo de ítem CD-ROM
Koha issues (borrowed), all copies 4
Sistema de clasificación Local
Existencias
Withdrawn status Lost status Sistema de Clasificación Damaged status No para préstamo Colección Inventariado Ubicación Permanente Ubicación actual Fecha de adquisición Fuente de Valor Valor Total Checkouts Número topográfico Inventario / Código de Barras Date last seen Date checked out Ejemplar Price effective from Forma de adquisición Tipo de material
    Local     Ornitología Inventariado 2017 Villa de Leyva Villa de Leyva 28/08/2002 Instituto 50000.00 1 IAvH-00223 004203 22/04/2015 15/04/2015 Ej. 1 04/12/2012   Libro